| 000 | 00806nam a22002177a 4500 | ||
|---|---|---|---|
| 999 |
_c6735 _d6735 |
||
| 003 | AR-CdUCM | ||
| 008 | 190319b ||||| |||| 00| 0 spa d | ||
| 040 |
_aMUNICIPALIDAD PROVINCIAL DEL CUSCO _cBIBLIOTECA MUNICIPAL DEL CUSCO |
||
| 041 | _heng | ||
| 082 |
_a510 / _bM31 |
||
| 100 |
_aMaxwell, E. A. _918965 |
||
| 245 | _aGeometría Analítica / | ||
| 260 |
_aEspaña : _bAlhambra ; _c1968. |
||
| 300 |
_a244 páginas ; _bDiagramas, fórmulas _c20cm |
||
| 440 |
_aColección Exedra - Ciencia Técnica Ingeniería _n45 _918966 |
||
| 505 | _aContenido: Coordenadas, cosenos directos, proyección -- La línea recta y el plano -- Vectores -- Tensores -- La esfera y el circulo... | ||
| 650 |
_aMatemáticas _99398 |
||
| 700 |
_aFleitas Morales, Guillermo _918967 |
||
| 942 |
_2ddc _cLIBROS |
||
| 945 | _anom | ||